| 000 | 00365nam a2200145Ia 4500 | ||
|---|---|---|---|
| 003 | OSt | ||
| 005 | 20240311155356.0 | ||
| 008 | 170523s9999 xx 000 0 und d | ||
| 020 | _a9788180141317 | ||
| 040 | _cIIMT UNIVERSITY | ||
| 100 | _aShakya- P. | ||
| 245 | 0 | _aElectrical & Electronics Engineering Materials (Hindi) | |
| 260 | _aJPNP Meerut | ||
| 942 |
_2ddc _c02 |
||
| 999 |
_c11759 _d11759 |
||